LEADER 01414nam0-22004211i-450- 001 990005542620203316 005 20060217120000.0 035 $a000554262 035 $aUSA01000554262 035 $a(ALEPH)000554262USA01 035 $a000554262 100 $a20060217d2005-------|0itac50------ba 101 $aita 102 $aIT 105 $a|||| ||||| 200 1 $a<> Sport che cambia$ei comportamenti emergenti e le nuove tendenze della pratica sportiva in Italia$fSistema Statistico Nazionale, Istituto Nazionale di Statistica$g[a cura di: Enzo D'Arcangelo, Adolfo Morrone e Miria Savioli] 210 $aRoma$cIstat$d2005 215 $a279 p.$cill., tav.$d21 cm 225 2$aArgomenti$v59 300 $aBibliogr.: p. [275]-279 311 $a2005$9USA4615 410 0$12001$aArgomenti$v59 606 $aSport$xItalia$x2000$xStatistica$2FI 620 $dRoma 676 $a796.0945$cSport e giochi atletici all'aperto in Italia$v21 710 02$aIstituto centrale di statistica$0374421 712 $aistat 801 $aIT$bSOL$c20120104 912 $a990005542620203316 950 $aDIP.TO SCIENZE ECONOMICHE - (SA)$dDS 700 796.0945 IST$essn747 DISES 951 $a700 796.0945 IST$b747 DISES 959 $aBK 969 $aDISES 979 $c20121027$lUSA01$h1533 979 $c20121027$lUSA01$h1613 996 $aSport che cambia$9743099 997 $aUNISA NUM $aUSA16650